• 首页
  • 本馆介绍
  • 公告通知
  • 最新文献
  • 馆藏检索
  • 电子资源
  • 读者导购
  • 参考咨询
  • 我的图书馆
  • 登录
  • 详细信息显示
  • 放入我的书架
  • 预约/预借图书
  • 作者相关作品
  • 分类相关作品
  • 丛书相关作品
  • 出版社相关作品

书目信息

  • 表格格式
  • 工作单格式
  • 卡片格式
题名:
共和国红镜头
    
 
作者: 顾保孜 撰文 ;杜修贤 摄影
分册:  
出版信息: 北京   中共党史出版社  2007
页数: 302-609页
开本: 29cm
丛书名:
单 册:
中图分类: K270.5
科图分类:
主题词: 党和国家领导人--生平事迹--中国--现代--摄影集 , 党和国家领导人 , 中国--现代史--1949~
电子资源:
ISBN: 978-7-80199-585-8
000 01044nam0 2200265 450
001 1239833817
005 20121018145123.42
010    @a978-7-80199-585-8@b精装@dCNY580.00
100    @a20080102d2007 em y0chiy50 ea
101 0  @achi
102    @aCN@b110000
105    @aa z 000yd
200 1  @a共和国红镜头@Agong he guo hong jing tou@e中南海摄影师镜头中的国事风云@f顾保孜撰文@g杜修贤摄影
210    @a北京@c中共党史出版社@d2007
215    @a302-609页@c照片@d29cm
330    @a本书共分二十三章,内容包括:走进中南海,走进西花厅;第一次随周总理出访东南亚;“大跃进”之天灾人祸;跨入60年代的几次重要拍摄活动等。
517 1  @a中南海摄影师镜头中的国事风云@Azhong nan hai she ying shi jing tou zhong de guo shi feng yun
606 0  @a党和国家领导人@x生平事迹@y中国@z现代@j摄影集
606 0  @a党和国家领导人
606 0  @a中国@x现代史@z1949~
690    @aK270.5@v4
701  0 @a顾保孜@Agu bao zi@c(女,@f1957~)@4撰文
702  0 @a杜修贤@Adu xiu xian@f(1926~)@4摄影
801  0 @aCN@bNLC@c20101222
905    @a10447@dK270.5@eJY23:2
    
    共和国红镜头:中南海摄影师镜头中的国事风云/顾保孜撰文/杜修贤摄影.-北京:中共党史出版社,2007
    302-609页:照片;29cm
    
    
    ISBN 978-7-80199-585-8(精装):CNY580.00
    本书共分二十三章,内容包括:走进中南海,走进西花厅;第一次随周总理出访东南亚;“大跃进”之天灾人祸;跨入60年代的几次重要拍摄活动等。
●
相关链接 在E读中查询图书 在五车中查询图书 在当当中查询图书 在豆瓣中查询图书


正题名:共和国红镜头     索取号:K270.5/JY23:2         预约/预借

序号 登录号 条形码 馆藏地/架位号 状态 备注
1 7832482   278324822   学院路分馆/ [索取号:K270.5/JY23:2] 在馆    
2 7832483   278324831   学院路分馆/ [索取号:K270.5/JY23:2] 在馆    
唐山师范学院图书馆 欢迎您!
大连网信软件有限公司© 版权所有